000 00428nam a22001697a 4500
005 20180706164215.0
008 160525b xxu||||| |||| 00| 0 eng d
020 _a81-8054-274-2
041 _aeng
082 _b4897
_a658.15
100 _aVarshney, P.N. & Mittal D.K.
_91241
245 _aIndian Financial System
260 _aNew Delhi
_bAcademic Faundation
300 _a2.262p,
650 _aManagement
_9241
942 _cBK
999 _c1708
_d1707